000 00521nam a2200181Ia 4500
003 GCL
008 140319s9999 xx 000 0 eng d
040 _aGCL /
_cGCL
082 0 4 _a327.4017
_bH E
100 1 _aHOLT, P. M.
245 1 0 _aEARLY MAMLUK DIPLOMACY 1260 - 1290: TREATIES OF BAYBARS AND QALAWUN WITH CHRISTIAN RULERS VOL 12 /
_cHOLT, P. M.
260 _a[S.N] :
_bE. J. BRILL ،
_c1995
300 _a161 P
650 0 4 _aISLAM
650 0 4 _aEUROPE, SOURCES
650 0 4 _aFOREIGN RELATIONS
942 _2ddc
_cBK
999 _c10823
_d10823